000 00951cam a2200313 4500
999 _c24
_d24
001 2691331
003 Nust
005 20170105095814.0
008 700626s1970 caua bs 001 0 eng
010 _a 75103067
020 _a0716706806
040 _aDLC
_cDLC
_dDLC
050 0 0 _aHB871
_b.E35
082 0 0 _a301.3
100 1 _aEhrlich, Paul R.
245 1 0 _aPopulation resources environment;
_bissues in human ecology
_c[by] Paul R. Ehrlich [and] Anne H. Ehrlich.
260 _aSan Francisco,
_bW. H. Freeman
_c[1970]
300 _a383 p.
_billus.
_c26 cm.
350 _a8.95
490 0 _aA Series of books in biology
500 _aThird ed. published in 1977 under title: Ecoscience.
504 _aBibliography: p. [360]-363.
650 0 _aPopulation.
650 0 _aPollution.
650 0 _aHuman ecology.
700 1 _aEhrlich, Anne H.,
_ejoint author.
906 _a7
_bcbc
_corignew
_du
_encip
_f19
_gy-gencatlg
942 _2ddc
_cBK